Álgebra (Registro nro. 1748)

Detalles MARC
000 -Cabecera
Campo de control de longitud fija 00849aam a2200373 4500
005 - Fecha y hora de la última transacción
Campo de control 20251114095819.0
008 - Elementos de longitud fija--Información general
Campo de control de longitud fija 150715b2003 xxu||||| |||| 00| 0 spa d
020 ## - International Standard Book Number
Número Internacional Estándar del Libro (ISBN) 9702404347
041 ## - Idioma
Código de idioma Español
082 ## - Clasificación Decimal Dewey
Número de clasificación 512 C314a
100 ## - Entrada principal--Autor personal
Nombre personal Carreño Campos, Ximena
9 (RLIN) 31315
100 ## - Entrada principal--Autor personal
Nombre personal Cruz Schmidt, Ximena
9 (RLIN) 31316
245 ## - Título propiamente dicho
Título Álgebra
260 ## - Pie de imprenta
Lugar de publicación, distribución, etc. México
260 ## - Pie de imprenta
Nombre del editor, distribuidor, etc. Publicaciones Cultural
260 ## - Pie de imprenta
Fecha de publicación, distribución, etc. 2003
300 ## - Descripción física
Extensión 586 páginas
490 ## - Serie
Título de la Serie Temática General
650 ## - Materia general
Temática (materia general) ÁLGEBRA
650 ## - Materia general
Temática (materia general) RELACIONES Y FUNCIONES
650 ## - Materia general
Temática (materia general) NÚMEROS REALES
650 ## - Materia general
Temática (materia general) POTENCIAS
650 ## - Materia general
Temática (materia general) ECUACIONES
650 ## - Materia general
Temática (materia general) POLINOMIOS
650 ## - Materia general
Temática (materia general) TRIGONOMETRÍA
650 ## - Materia general
Temática (materia general) VECTORES
650 ## - Materia general
Temática (materia general) MATRICES
942 ## - Punto de acceso adicional KOHA
Tipo de ítem KOHA Libro
Fuente del sistema de clasificación o colocación Dewey Decimal Classification
Existencias
Signatura completa Código de barras Programa Académico Tipo de ítem
512 C314a 5067   Libro